| 000 | 00560nam a22001697a 4500 | ||
|---|---|---|---|
| 008 | 230622b |||||||| |||| 00| 0 eng d | ||
| 020 | _a0-07-045267-9 | ||
| 040 |
_aNational Science Library _cNational Science Library |
||
| 080 |
_aR 551.46+551.51(038) _bM0 |
||
| 100 |
_aParker, Sybil P _911686 |
||
| 245 |
_aMcGraw-Hill encyclopedia of ocean and atmospheric sciences _b/ Mc-Graw-Hill Book Company |
||
| 260 |
_aNew York: _bMc-Graw-Hill Book Company, _c1977 |
||
| 300 | _a580p. | ||
| 650 | _aScience | ||
| 653 | _aAtmospheric pressure | ||
| 942 |
_2udc _cBK |
||
| 999 |
_c46459 _d46459 |
||